000 01561nam0a2200337 4500
001 RU\NLR\bibl\912120
005 20260407133742.0
021 _aRU
_b2005-20844п
_9797
035 _a(NLR Aleph) 000900458
090 _a1772391
_c1772391
100 _a20060302d2005 |||y0rusy50 ca
101 0 _arus
_aeng
_erus
_eeng
102 _aRU
105 _aa |||||||||
200 1 _aМатериалы Международного семинара "Оптоинформатика"
_dInternational topical meeting on optoinformatics
_zeng
210 _aСанкт-Петербург
_c[б.и.]
_d2005
215 _a82, 9 с.
_cил.
_d28
225 1 _aОптический журнал
_eежемесячный научно-технический журнал
_x0030-4042
_vт. 72, n. 5: спец. вып.
300 _aТекст на рус. и англ. яз.
320 _aБиблиогр. в конце ст.
510 0 _6z01791
_aInternational topical meeting on optoinformatics
_zeng
606 1 _aОптика
_xИнформационные технологии
_92414405
_3RU\NLR\auth\661438287
686 _aВ34я431(2)
710 1 2 _a"Оптоинформатика", международный семинар
_f2004
_eСанкт-Петербург
_3RU\NLR\AUTH\8810080180
_9662500
791 1 2 _8eng
_aInternational topical meeting on optoinformatics
_f2004
_eSaint-Petersburg
_7ba
_3RU\NLR\auth\8810080181
_9662502
801 0 _aRU
_bNLR
_c20060302
_grcr
801 1 _aRU
_bNLR
_c20060302
852 _aNLR
_jП11/63
942 _cBOOK
980 _aNB